जगावेगळे जग (Record no. 411046)

MARC details
000 -LEADER
fixed length control field 00402nam a2200145Ia 4500
008 - FIXED-LENGTH DATA ELEMENTS--GENERAL INFORMATION
fixed length control field 100122s9999 xx 000 0 und d
082 ## - DEWEY DECIMAL CLASSIFICATION NUMBER
Item number 23447
Classification number 613
100 ## - MAIN ENTRY--PERSONAL NAME
Personal name गोखले शरच्चंद्र
245 ## - TITLE STATEMENT
Title जगावेगळे जग
260 ## - PUBLICATION, DISTRIBUTION, ETC. (IMPRINT)
Date of publication, distribution, etc 1966
300 ## - PHYSICAL DESCRIPTION
Extent 50
630 ## - SUBJECT ADDED ENTRY--UNIFORM TITLE
Uniform title जगावेगळे जग
730 ## - ADDED ENTRY--UNIFORM TITLE
Uniform title जगावेगळे जग
942 ## - ADDED ENTRY ELEMENTS (KOHA)
Koha item type Book
Holdings
Withdrawn status Lost status Damaged status Not for loan Home library Current library Date acquired Cost, normal purchase price Total Checkouts Full call number Barcode Date last seen Cost, replacement price Price effective from Koha item type Public note
        S.V. Pathak Library, Vile Parle S.V. Pathak Library, Vile Parle 05/10/1976 7.00   23447 SVPPARLE-23447 01/25/2010 7.00 01/25/2010 Book General NA